000 00318nam a2200109Ia 4500
008 160531s9999 xx 000 0 und d
100 _aRezgui, Arfaoui I.
245 _aSpecial Functions, a Review
245 _cby S. Arfaoui, I. Rezgui, A.B. Mabrouk
260 _c2016
856 _uhttp://vixra.org/pdf/1601.0009v1.pdf
999 _c295053
_d295053